Founder of the American Red Cross (Record no. 515)

MARC details
000 -LEADER
fixed length control field 00375nam a22001457a 4500
003 - CONTROL NUMBER IDENTIFIER
control field OSt
005 - DATE AND TIME OF LATEST TRANSACTION
control field 20160727222359.0
008 - FIXED-LENGTH DATA ELEMENTS--GENERAL INFORMATION
fixed length control field 160623b xxu||||| |||| 00| 0 eng d
040 ## - CATALOGING SOURCE
Transcribing agency TEST
100 ## - MAIN ENTRY--PERSONAL NAME
9 (RLIN) 632
Personal name Boylston, H, D
245 ## - TITLE STATEMENT
Title Founder of the American Red Cross
260 ## - PUBLICATION, DISTRIBUTION, ETC. (IMPRINT)
Place of publication, distribution, etc. NEW YORK
Name of publisher, distributor, etc. RANDOM HOUSE
Date of publication, distribution, etc. 1955
300 ## - PHYSICAL DESCRIPTION
Extent Founder of the American Red Cross
942 ## - ADDED ENTRY ELEMENTS (KOHA)
Source of classification or shelving scheme Dewey Decimal Classification
Koha item type BOOK
Holdings
Withdrawn status Lost status Source of classification or shelving scheme Damaged status Not for loan Home library Current library Shelving location Date acquired Total Checkouts Full call number Barcode Date last seen Date last checked out Price effective from Koha item type
    Dewey Decimal Classification     Good Samaritan School Library Good Samaritan School Library FICTION 06/23/2016 2 823 BOY811 04/25/2023 04/21/2023 06/23/2016 BOOK

Powered by Koha